000 00584nam a22002057a 4500
003 OSt
005 20140310182754.0
008 130204t xxu||||| |||| 00| 0 eng d
020 _a9781405192941
050 _aB3149
_b.N411 2009
082 _aM 193
_bB48 2009
245 _aBetter consciousness :
_bSchopenhauer's philosophy of value
_cNeill, Alex
260 _aChichester, U.K. ;
_bMalden, MA : Wiley-Blackwell,
_c2009.
300 _a195 p. ;
_c25 cm.
521 _acollege students
526 _c1210L-1700L
541 _j1
562 _e1
942 _2lcc
_cBK
_kM
999 _c15810
_d15810